| 000 | 01172nas a2200301 i 4500 | ||
|---|---|---|---|
| 001 | 1499 | ||
| 003 | ES-MaACL | ||
| 005 | 20260127122533.0 | ||
| 007 | t| | ||
| 008 | 950801d19111938sp w|yp | ||pa d | ||
| 022 | _a1579-847X | ||
| 080 | _a(051) | ||
| 245 | 0 | 0 |
_aMundo gráfico _b: [revista popular ilustrada] / _c[dir. Francisco Verdugo Landi]. |
| 260 |
_aMadrid : _bMundo Gráfico, _c1911-1938. |
||
| 300 |
_a36 v. : _bil., fot. ; _c30 y 35 cm. |
||
| 310 | _aSemanal | ||
| 362 | 1 | _aAño 1, n. 1 (2 nov. 1911)-(29 jun.1938) | |
| 530 | _aDisponible en formato digital. | ||
| 650 | 1 | 4 |
_aRevistas de información general. _916896 |
| 700 | 1 |
_aVerdugo Landi, Francisco. _9114055 |
|
| 700 | 1 |
_aCampua, José L., _9227612 |
|
| 700 | 1 |
_aGonzález de Linares, Luis, _9194223 |
|
| 852 |
_aES-MaACL _jHem-839 _zPresenta notas manuscritas con las inscripciones: "R-157" y "R-632" _cDEPO1 |
||
| 856 | 4 |
_uhttp://hemerotecadigital.bne.es/issn/1579-847X _yHemeroteca Digital de la BNE |
|
| 866 | 0 |
_o(1915 f.n.183,196, 207 y 209)1916(1917 f.n. 280,304,322)1918-35(1936). _zSe interrumpe su recepción el 24 jun.1936. |
|
| 942 | _2udc | ||
| 999 |
_c1499 _d1499 |
||